Taylor Swift - Stay Beautiful (Lyrics) - Statistics

General Stats
  • This quiz has been taken 7 times
  • The average score is 203 of 273
Answer Stats
Answer % Correct
a
100%
be
100%
beautiful
100%
Beautiful,
100%
beautiful,
100%
beautiful?
100%
are
86%
"Does
86%
don't
86%
eyes
86%
He
86%
he
86%
he's
86%
I
86%
it
86%
it's
86%
It's
86%
know?"
86%
know?
86%
know
86%
like
86%
my
86%
Oh,
86%
oh
86%
Oh-oh-oh,
86%
on
86%
so
86%
Stay
86%
stay
86%
that
86%
That
86%
the
86%
you
86%
your
86%
You're
86%
And
71%
and
71%
as
71%
At
71%
but
71%
can
71%
Corey
71%
Corey's
71%
corner
71%
door
71%
ever
71%
every
71%
Every
71%
get
71%
gets
71%
girls
71%
gonna
71%
Hey,
71%
him
71%
home,
71%
hope
71%
if
71%
If
71%
I'll
71%
I'm
71%
in
71%
into
71%
is
71%
jungle
71%
knows
71%
least
71%
life
71%
little
71%
looked
71%
love
71%
never
71%
nobody
71%
of
71%
piece,
71%
pretty
71%
radio
71%
really
71%
say
71%
saying,
71%
smiles,
71%
someone
71%
songs
71%
story
71%
They
71%
to
71%
told
71%
walking
71%
watch
71%
way
71%
what
71%
when
71%
whispers
71%
Will
71%
will
71%
window
71%
words
71%
you'll
71%
another
57%
anyone
57%
Ask
57%
away
57%
back
57%
breath
57%
by
57%
conversation
57%
day
57%
daydream
57%
everything
57%
find
57%
finds
57%
for
57%
front
57%
hard
57%
highlight
57%
hold
57%
lead
57%
make
57%
mind
57%
pictures
57%
rainy
57%
save
57%
should
57%
taking
57%
them
57%
La
43%
la
43%
These
43%
Na,
14%
na,
14%
na
14%
No matching quizzes found
Score Distribution
Percent of People with Each Score
Percentile by Number Answered
Your Score History
You have not taken this quiz